|
|
|
|
| LEADER |
00000cas a2200000 c 4500 |
| 001 |
198663196 |
| 003 |
DE-627 |
| 005 |
20250508172745.0 |
| 007 |
tu |
| 008 |
960522c19949999xxuq| p| 0 |0eng c |
| 016 |
7 |
|
|a 018175864
|2 DE-101
|
| 016 |
7 |
|
|a 1313594-6
|2 DE-600
|
| 022 |
|
|
|a 1082-1651
|
| 024 |
7 |
|
|a 00027057
|2 swets
|
| 035 |
|
|
|a (DE-627)198663196
|
| 035 |
|
|
|a (DE-576)052644235
|
| 035 |
|
|
|a (DE-599)ZDB1313594-6
|
| 035 |
|
|
|a (OCoLC)260213186
|
| 040 |
|
|
|a DE-627
|b ger
|c DE-627
|e rakwb
|
| 041 |
|
|
|a eng
|
| 044 |
|
|
|c XD-US
|
| 082 |
0 |
4 |
|a 630
|a 640
|q DE-600
|
| 084 |
|
|
|a 49.00
|2 bkl
|
| 245 |
0 |
0 |
|a Journal of family and consumer sciences
|c American Association of Family and Consumer Sciences
|
| 264 |
3 |
1 |
|a Alexandria, Va.
|b American Association of Family and Consumer Sciences (AAFCS)
|c 1994-
|
| 336 |
|
|
|a Text
|b txt
|2 rdacontent
|
| 337 |
|
|
|a ohne Hilfsmittel zu benutzen
|b n
|2 rdamedia
|
| 338 |
|
|
|a Band
|b nc
|2 rdacarrier
|
| 362 |
0 |
|
|a 86.1994,3 -
|
| 363 |
0 |
1 |
|a 86
|b 3
|i 1994
|
| 650 |
|
7 |
|8 1.1\x
|a Verbraucher
|0 (DE-627)091397073
|0 (DE-2867)10298-6
|2 stw
|
| 650 |
|
7 |
|8 1.2\x
|a Konsumentenverhalten
|0 (DE-627)091371848
|0 (DE-2867)10300-3
|2 stw
|
| 650 |
|
7 |
|8 1.3\x
|a Ernährungsverhalten
|0 (DE-627)09135790X
|0 (DE-2867)18335-0
|2 stw
|
| 650 |
|
7 |
|8 1.4\x
|a Ernährungswissenschaft
|0 (DE-627)091381401
|0 (DE-2867)18301-3
|2 stw
|
| 650 |
|
7 |
|8 1.5\x
|a Familie
|0 (DE-627)091359244
|0 (DE-2867)15938-6
|2 stw
|
| 650 |
|
7 |
|8 1.6\x
|a Usa
|0 (DE-627)091396867
|0 (DE-2867)17829-1
|2 stw
|
| 655 |
|
4 |
|0 (DE-206)34
|a Graue Literatur
|5 DE-206
|
| 655 |
|
7 |
|a Zeitschrift
|0 (DE-588)4067488-5
|0 (DE-627)10454466X
|0 (DE-576)20917000X
|2 gnd-content
|
| 689 |
0 |
0 |
|d g
|0 (DE-588)4078704-7
|0 (DE-627)106076612
|0 (DE-576)209209682
|a USA
|2 gnd
|
| 689 |
0 |
1 |
|d s
|0 (DE-588)4016397-0
|0 (DE-627)104427175
|0 (DE-576)208915818
|a Familie
|2 gnd
|
| 689 |
0 |
2 |
|d s
|0 (DE-588)4062644-1
|0 (DE-627)104400676
|0 (DE-576)209145323
|a Verbraucherverhalten
|2 gnd
|
| 689 |
0 |
3 |
|d s
|0 (DE-588)4067488-5
|0 (DE-627)10454466X
|0 (DE-576)20917000X
|a Zeitschrift
|2 gnd
|
| 689 |
0 |
|
|5 DE-101
|
| 689 |
1 |
0 |
|d g
|0 (DE-588)4078704-7
|0 (DE-627)106076612
|0 (DE-576)209209682
|a USA
|2 gnd
|
| 689 |
1 |
1 |
|d s
|0 (DE-588)4016397-0
|0 (DE-627)104427175
|0 (DE-576)208915818
|a Familie
|2 gnd
|
| 689 |
1 |
2 |
|d s
|0 (DE-588)4066399-1
|0 (DE-627)104346884
|0 (DE-576)209164522
|a Wirtschaft
|2 gnd
|
| 689 |
1 |
3 |
|d s
|0 (DE-588)4067488-5
|0 (DE-627)10454466X
|0 (DE-576)20917000X
|a Zeitschrift
|2 gnd
|
| 689 |
1 |
|
|5 DE-101
|
| 689 |
2 |
0 |
|d g
|0 (DE-588)4078704-7
|0 (DE-627)106076612
|0 (DE-576)209209682
|a USA
|2 gnd
|
| 689 |
2 |
1 |
|d s
|0 (DE-588)4016397-0
|0 (DE-627)104427175
|0 (DE-576)208915818
|a Familie
|2 gnd
|
| 689 |
2 |
2 |
|d s
|0 (DE-588)4067488-5
|0 (DE-627)10454466X
|0 (DE-576)20917000X
|a Zeitschrift
|2 gnd
|
| 689 |
2 |
|
|5 DE-101
|
| 776 |
1 |
|
|x 2331-5369
|
| 936 |
b |
k |
|a 49.00
|j Hauswirtschaft: Allgemeines
|0 (DE-627)106421603
|
| 951 |
|
|
|a JT
|
| ELC |
|
|
|b 1
|
| ORI |
|
|
|a SA-MARC-krimdokb001.raw
|
| SPR |
|
|
|a 1
|t KRI
|